Electronic communications systems. Fundamentals through advanced : Lab manual to accompany /

Guardado en:
Detalles Bibliográficos
Autores principales: Tomasi, Wayne (Autor), Tomasi, Cheryl (Autor)
Formato: Libro
Lenguaje:inglés
Publicado: Englewood Cliffs : Prentice Hall, 1988
Edición:1.vyd.
Materias:
Etiquetas: Agregar Etiqueta
Sin Etiquetas, Sea el primero en etiquetar este registro!

MARC

LEADER 00000nam a22000003a 4500
001 stu5047
005 20150617225811.1
008 940111s1988----xxu-----------------eng-d
020 |a 0-13-250853-2 
040 |a STU  |b slo 
041 0 |a eng 
044 |a xxu 
080 |a 621.391 
100 1 |a Tomasi, Wayne  |4 aut 
245 1 |a Electronic communications systems. Fundamentals through advanced :  |b Lab manual to accompany /  |c [aut.] Tomasi,Wayne; Tomasi,Cheryl 
250 |a 1.vyd. 
260 |a Englewood Cliffs :  |b Prentice Hall,  |c 1988 
300 |a 315 s 
650 7 |a elektronické komunikačné systémy  |2 stusub 
700 1 |a Tomasi, Cheryl  |4 aut 
996 |b E78658  |c E*78658  |l EE16  |s P  |a 0  |w stu5047_0001